000 00326nam a22001457a 4500
008 210514b ||||| |||| 00| 0 eng d
020 _a9780835951470
041 _aeng
080 _22nd
_a61
082 _a61
100 _a4
101 _aSHM
245 _aBeing A Medical Clerical Worker
_cMarshall,J.R
942 _2udc
_cBK
999 _c57352
_d57352